000
00226nam a2200097Ia 4500
001
662906
005
20250826160202.0
008
250824s9999 xx 000 0 und d
245
0
_a
Dokuz Kehanet
_c
James Redfield
260
_b
ALTIN
999
_c
662906
_d
662906